<?xml version="1.0" encoding="UTF-8"?>
<record
    xmlns:xsi="http://www.w3.org/2001/XMLSchema-instance"
    xsi:schemaLocation="http://www.loc.gov/MARC21/slim http://www.loc.gov/standards/marcxml/schema/MARC21slim.xsd"
    xmlns="http://www.loc.gov/MARC21/slim">

  <leader>02979nam a2200289uu 4500</leader>
  <controlfield tag="001">1472416</controlfield>
  <controlfield tag="005">20240129081352.0</controlfield>
  <controlfield tag="007">cr|||||||</controlfield>
  <controlfield tag="008">170901s2017                        spa  </controlfield>
  <datafield tag="035" ind1=" " ind2=" ">
    <subfield code="a">1472416</subfield>
  </datafield>
  <datafield tag="040" ind1=" " ind2=" ">
    <subfield code="c">comduadb</subfield>
  </datafield>
  <datafield tag="041" ind1=" " ind2=" ">
    <subfield code="a">spa</subfield>
  </datafield>
  <datafield tag="080" ind1=" " ind2=" ">
    <subfield code="a">PA</subfield>
  </datafield>
  <datafield tag="100" ind1="1" ind2="0">
    <subfield code="a">Rodr&#xED;guez Roma&#xF1;a, Karla Michela</subfield>
    <subfield code="4">aut</subfield>
    <subfield code="e">aut</subfield>
    <subfield code="9">661150</subfield>
  </datafield>
  <datafield tag="245" ind1="1" ind2="3">
    <subfield code="a">La alimentaci&#xF3;n desde lo afrochocoano como pr&#xE1;ctica decolonizadora del lenguaje : retos y aproximaciones a partir de una metodolog&#xED;a decolonial</subfield>
  </datafield>
  <datafield tag="260" ind1=" " ind2=" ">
    <subfield code="a">Medell&#xED;n :</subfield>
    <subfield code="b">Autores (as),</subfield>
    <subfield code="c">2017.</subfield>
  </datafield>
  <datafield tag="300" ind1=" " ind2=" ">
    <subfield code="a">125 p&#xE1;ginas</subfield>
  </datafield>
  <datafield tag="520" ind1="3" ind2=" ">
    <subfield code="a">La alimentaci&#xF3;n desde lo afrochocoano como pr&#xE1;ctica decolonizadora del lenguaje: retos y aproximaciones a partir de una metodolog&#xED;a decolonial fue un ejercicio de investigaci&#xF3;n que se situ&#xF3; en la l&#xED;nea Lenguaje, mediaciones y otros sistemas simb&#xF3;licos. Dicha investigaci&#xF3;n fue un desaf&#xED;o por explorar algunos estereotipos, expresados a trav&#xE9;s del lenguaje. Asimismo, quisimos ampliar y resignificar los conceptos de alimentaci&#xF3;n y lenguaje; el primero no es solo un acto biol&#xF3;gico, sino, sobre todo, sociocultural, identitario, simb&#xF3;lico y cr&#xED;tico que, al igual que el lenguaje, nos permite relacionarnos con la vida de maneras particulares. El segundo abarca el c&#xF3;digo escrito y el lenguaje oral, kin&#xE9;sico y prox&#xE9;mico. 
Los contextos en los cuales realizamos los talleres fueron tanto escolares como alternativos: Instituci&#xF3;n Educativa Nuevo Horizonte ubicada en el barrio Popular I de la ciudad de Medell&#xED;n y Corporaci&#xF3;n Ambiental GEDI (Grupo Ecol&#xF3;gico de Itag&#xFC;&#xED;). Para tal cometido, implementamos el enfoque cualitativo a trav&#xE9;s de una metodolog&#xED;a decolonial que construimos a la par de la investigaci&#xF3;n. Aquella metodolog&#xED;a estuvo basada en nuestras experiencias e historias de vida en torno a la alimentaci&#xF3;n, a los estereotipos y otros usos del lenguaje como los prejuicios que nos habitan. Esto pretend&#xED;a generar un tejido entre los saberes acad&#xE9;micos y los no acad&#xE9;micos, a la vez que relaciones interdisciplinares contempladas en documentos institucionales, los cuales en algunas ocasiones no se tienen en cuenta en la pr&#xE1;ctica. Todo ello se realiz&#xF3; con el fin de aportar a la formaci&#xF3;n de maestros de la Licenciatura en Educaci&#xF3;n B&#xE1;sica con &#xC9;nfasis en Humanidades, Lengua Castellana, en la medida en que este trabajo, a partir de su forma y los cuestionamientos que plantea, puede ayudar a resignificar la mirada sobre c&#xF3;mo se ha investigado en la Facultad de Educaci&#xF3;n y c&#xF3;mo se ha abordado la problem&#xE1;tica del lenguaje en escenarios formativos no escolares.</subfield>
  </datafield>
  <datafield tag="650" ind1=" " ind2="7">
    <subfield code="a">Identidad</subfield>
    <subfield code="2">lemb</subfield>
    <subfield code="9">32648</subfield>
  </datafield>
  <datafield tag="650" ind1=" " ind2=" ">
    <subfield code="a">Formaci&#xF3;n de maestros</subfield>
    <subfield code="9">214713</subfield>
  </datafield>
  <datafield tag="650" ind1=" " ind2=" ">
    <subfield code="a">Food</subfield>
    <subfield code="9">84404</subfield>
  </datafield>
  <datafield tag="650" ind1=" " ind2=" ">
    <subfield code="a">Colonialidad</subfield>
    <subfield code="9">203821</subfield>
  </datafield>
  <datafield tag="700" ind1="1" ind2="0">
    <subfield code="a">Ospino Palacios, Vanessa</subfield>
    <subfield code="4">aut</subfield>
    <subfield code="e">aut</subfield>
    <subfield code="9">658123</subfield>
  </datafield>
  <datafield tag="700" ind1="1" ind2="0">
    <subfield code="a">Parra M&#xF3;squera, Carlos Andr&#xE9;s</subfield>
    <subfield code="4">ths</subfield>
    <subfield code="e">ths</subfield>
    <subfield code="9">434763</subfield>
  </datafield>
  <datafield tag="856" ind1="4" ind2=" ">
    <subfield code="u">https://bibliotecadigital.udea.edu.co/handle/10495/23963</subfield>
  </datafield>
  <datafield tag="942" ind1=" " ind2=" ">
    <subfield code="c">BOOK</subfield>
    <subfield code="n">0</subfield>
  </datafield>
  <datafield tag="999" ind1=" " ind2=" ">
    <subfield code="c">760606</subfield>
    <subfield code="d">760606</subfield>
  </datafield>
</record>
